• 首页
  • 本馆介绍
  • 公告通知
  • 最新文献
  • 馆藏检索
  • 电子资源
  • 读者导购
  • 参考咨询
  • 我的图书馆
  • 登录
  • 详细信息显示
  • 放入我的书架
  • 预约/预借图书
  • 作者相关作品
  • 分类相关作品
  • 丛书相关作品
  • 出版社相关作品

书目信息

  • 表格格式
  • 工作单格式
  • 卡片格式
题名:
跟我学电脑
    
 
作者: 牛允鹏 编
分册: 第三册   Ok!智慧的BASIC
出版信息: 合肥   中国科学技术大学出版社  1993.3
页数: 279页
开本: 20cm
丛书名:
单 册:
中图分类: TP36-49
科图分类: 73.876059
主题词: 微型计算机--少年读物
电子资源:
ISBN: 7-312-00451-2
000 00727nam2 2200241 45
001 0193052902
005 20070710084704.29
010    @a7-312-00451-2@dCNY27.00
100    @a19931113e1993 am y0chiy0121 ea
101 0  @achi
102    @aCN@b340000
105    @af z 000yy
200 10 @a跟我学电脑@Agen wo xue dian nao@h第三册@iOk!智慧的BASIC@f牛允鹏编@Fniu yun peng bian
210    @a合肥@c中国科学技术大学出版社@d1993.3
215    @a279页@c插图@d20cm
517 1  @aOk!智慧的BASIC@AOk!zhi hui de BASIC
540 1  @a电脑@ADIAN NAO
606    @a微型计算机@x少年读物
690    @aTP36-49@v三版
692    @a73.876059
701  0 @a牛允鹏@Aniu yun peng@4编
801  0 @aCN@bTSSF@c20070710
905    @a10447@dTP36-49@e405:3
    
    跟我学电脑.第三册.Ok!智慧的BASIC/牛允鹏编.-合肥:中国科学技术大学出版社,1993.3
    279页:插图;20cm
    
    
    ISBN 7-312-00451-2:CNY27.00
    
●
相关链接 在E读中查询图书 在五车中查询图书 在当当中查询图书 在豆瓣中查询图书


正题名:跟我学电脑     索取号:TP36-49/405:3         预约/预借

序号 登录号 条形码 馆藏地/架位号 状态 备注
1 0765954   207659540   第二样本阅览室/ [索取号:TP36-49/405:3] 在馆    
唐山师范学院图书馆 欢迎您!
大连网信软件有限公司© 版权所有